[Event "Bad Woerishofen op"]
[Site "Bad Woerishofen"]
[Date "2001.??.??"]
[Round "6"]
[White "Hohner, Karl-Heinz"]
[Black "Keller, Manfred"]
[Result "0-1"]
[WhiteElo "2059"]
[BlackElo "2229"]
[Annotator "ChessOrg"]
[PlyCount "32"]
[EventDate "1998.03.05"]
[Source "ChessBase"]
[SourceDate "1998.04.29"]

1. e4 {B04: Aljechin-Verteidigung (Moderne Variante)} 1... Nf6 2. e5 Nd5 3. d4
d6 4. Nf3 g6 5. Be2 Bg7 6. O-O O-O 7. c4 Nb6 8. Nc3 Nc6 9. exd6 cxd6 10. Be3
10... Bf5 {letzter Buchzug} 11. Qd2 d5 12. cxd5 Nxd5 13. Rac1 Nxe3 14. fxe3 (
14. Qxe3 $143 14... Nxd4 15. Rfd1 Nxe2+ 16. Qxe2 16... Qb6 $15) 14... Bh6 15.
Rcd1 e5 16. d5 Nb4 (16... Nb4 17. Nxe5 17... Qe8 $11) 0-1

[Event "Bad Woerishofen op"]
[Site "Bad Woerishofen"]
[Date "2001.??.??"]
[Round "8"]
[White "Hohner, Karl-Heinz"]
[Black "Poehler, Margit"]
[Result "1-0"]
[WhiteElo "2059"]
[BlackElo "1780"]
[Annotator "ChessOrg"]
[PlyCount "79"]
[EventDate "1998.03.05"]
[Source "ChessBase"]
[SourceDate "1998.04.29"]

1. Nf3 {A41: Moderne Verteidigung} 1... g6 2. e4 d6 3. d4 Bg7 4. c4 c5 5. dxc5
5... Qa5+ {letzter Buchzug} 6. Bd2 Qxc5 7. Nc3 Nf6 8. Be2 O-O 9. O-O Be6 10.
Rc1 Nbd7 (10... Bxc4 $2 11. Nd5 Nxd5 12. Rxc4 $18 (12. Bxc4 $6 12... Nb6 13.
Bd5 Qb5 14. Bxb7 14... Bxb2 $16)) 11. Be3 Qa5 12. Nd4 Rac8 13. Nxe6 fxe6 14. f3
Ne5 (14... Nb6 15. b3 $11) 15. b3 a6 16. f4 Nc6 17. Bf3 Rfd8 18. Na4 18... Nd7
$2 (18... Rf8 $14 $142) 19. Bg4 $18 19... Nc5 (19... Kh8 $142 20. Bxe6 20...
Ncb8 $18) 20. Bd2 Qc7 21. Nxc5 dxc5 22. Bxe6+ Kh8 23. Bxc8 Qxc8 24. Qe1 e5 (
24... Qg4 25. Rd1 $18) 25. f5 Nd4 (25... Rd6 26. Bg5 Nd4 27. f6 $18) 26. Bg5
Rd6 27. f6 Bf8 28. Kh1 Qg4 29. Bh4 Ne2 30. Rc2 Nf4 31. Bg3 Rxf6 32. Bxf4 (32.
Rcf2 32... Bh6 $18) 32... exf4 33. e5 Re6 34. Rcf2 g5 35. Qe4 Re7 36. Rd2 Qc8
37. Rfd1 37... Re8 $4 (37... Qe6 $18) 38. Rd7 Bg7 (38... Re7 39. e6 Qe8 40. Rd8
Rxe6 41. Rxe8 Rxe4 42. Rxe4 $18) 39. e6 (39. R1d6 $5 39... Qxd7 40. Rxd7 f3 41.
gxf3 41... b5 $18) 39... b5 (39... a5 40. e7 Bd4 41. R1xd4 cxd4 42. Rd8 $18)
40. Qf5 (40. Qf5 Rg8 41. Rxg7 Rxg7 42. Qf6 $18) (40. e7 $142 40... Bd4 41.
R1xd4 cxd4 42. Qxd4+ Kg8 43. Qd5+ 43... Kg7 $18) 1-0

[Event "Bad Woerishofen op"]
[Site "Bad Woerishofen"]
[Date "2001.??.??"]
[Round "2"]
[White "Hornung, Hans"]
[Black "Beckers, Manfred"]
[Result "1-0"]
[WhiteElo "2213"]
[BlackElo "1855"]
[Annotator "ChessOrg"]
[PlyCount "51"]
[EventDate "1998.03.05"]
[Source "ChessBase"]
[SourceDate "1998.04.29"]

1. Nf3 {B28: Sizilianisch (Fruehes a7-a6)} 1... c5 2. e4 a6 3. c4 Nc6 4. d4
cxd4 5. Nxd4 Nf6 6. Nc3 e5 7. Nf5 d6 8. Bd3 {letzter Buchzug} 8... Bxf5 9. exf5
Rc8 10. O-O (10. Bg5 10... Be7 $11) 10... Be7 11. Be3 Qd7 12. Rc1 Nb4 13. Bb1 (
13. a3 $5 13... Nxd3 14. Qxd3 $11) 13... Rxc4 $15 14. a3 d5 (14... Nc6 15. b3
Rh4 16. g3 $15) 15. Nxd5 Rxc1 (15... Nfxd5 16. Rxc4) 16. Nxf6+ Bxf6 17. Qxc1
Nc6 18. Bc5 Nd4 19. Qe3 Qd5 (19... Nxf5 $5 20. Qe4 20... Ne7 $11) 20. Rc1 $14
20... Nc6 21. Be4 Qd7 22. Bxc6 bxc6 23. Qe2 Qc8 24. f4 Qxf5 (24... g6 $5 $18
$142) 25. Qxa6 25... exf4 $4 (25... Qd7 26. Re1 Qd5 27. Qc8+ Qd8 28. Qxc6+ Qd7
29. Qa8+ Qd8 30. Qa4+ 30... Qd7 $18) 26. Qxc6+ (26. Qxc6+ Qd7 27. Re1+ Be5 28.
Rxe5+ Kd8 29. Bb6+ Qc7 30. Qxc7#) 1-0

[Event "Bad Woerishofen op"]
[Site "Bad Woerishofen"]
[Date "2001.??.??"]
[Round "4"]
[White "Hornung, Hans"]
[Black "Taufratshofer, Martin"]
[Result "1-0"]
[WhiteElo "2213"]
[BlackElo "2093"]
[Annotator "ChessOrg"]
[PlyCount "27"]
[EventDate "1998.03.05"]
[Source "ChessBase"]
[SourceDate "1998.04.29"]

1. e4 {B13: Caro-Kann (Abtausch-Variante 4.c4)} 1... c6 2. c4 d5 3. exd5 cxd5
4. d4 Nf6 5. Nc3 Be6 6. Nf3 Nc6 7. c5 a6 8. b4 {letzter Buchzug} 8... g6 (8...
Bg4 9. Qa4 Bxf3 10. gxf3 $15) 9. Bf4 (9. Ne5 9... Bg7 $11) 9... Bg7 (9... Bg4
10. Be2 $15) 10. a3 (10. Ne5 10... Bd7 $11) 10... Bg4 $15 11. Be2 Bxf3 (11...
Ne4 $5 12. Nxe4 12... dxe4 $15) 12. Bxf3 $11 (12. gxf3 $143 12... Nh5 13. Be5
Nxe5 14. dxe5 14... e6 $19) 12... Nxd4 $4 (12... e6 $11 $142) 13. Qxd4 $18
13... Nh5 14. Be5 (14. Be5 f6 15. Bg3 Nxg3 16. hxg3 $18) 1-0

[Event "Bad Woerishofen op"]
[Site "Bad Woerishofen"]
[Date "2001.??.??"]
[Round "6"]
[White "Hornung, Hans"]
[Black "Doell, Detlef"]
[Result "1/2-1/2"]
[WhiteElo "2213"]
[BlackElo "2123"]
[Annotator "ChessOrg"]
[PlyCount "104"]
[EventDate "1998.03.05"]
[Source "ChessBase"]
[SourceDate "1998.04.29"]

1. b3 {A01: Larsen-Eroeffnung} 1... Nf6 2. Bb2 d6 3. g3 e5 4. Bg2 Nc6 5. c4 {
letzter Buchzug} 5... Be6 6. Nf3 h6 7. O-O Qd7 8. d4 exd4 9. Nxd4 Bh3 10. Nc3
Bxg2 11. Kxg2 h5 12. Nxc6 Qxc6+ 13. Nd5 h4 14. Bxf6 gxf6 15. Qd4 Bg7 (15... Rh6
16. Qe4+ Kd8 17. gxh4 $14) 16. Qe4+ Kf8 17. Qe7+ Kg8 18. Qxc7 Re8 19. Rfe1 f5
20. Rac1 Be5 21. f4 (21. e4 fxe4 22. Rxe4 hxg3 23. fxg3 23... f5 $18) 21... Bd4
22. Rcd1 Bg7 23. Rd3 Rh6 24. Rf3 h3+ 25. Kf1 Rg6 (25... Qxc7 $142 26. Nxc7
26... Re7 $18) 26. Ne7+ Rxe7 27. Qxe7 Re6 28. Qd8+ Kh7 (28... Re8 29. Qg5 d5
30. Qxf5 dxc4 31. bxc4 Qxc4 32. Rb3 $18) 29. Qh4+ (29. Qg5 $5 29... Qe4 30. g4
fxg4 31. Qxg4 f5 32. Qxh3+ 32... Rh6 $18) 29... Rh6 30. Qg5 Qe4 31. g4 fxg4 32.
Qxg4 Bd4 33. e3 (33. Rd1 $5 $142 33... f5 34. Qg5 34... Bb6 $18) 33... f5 34.
Qg3 (34. exd4 Qxe1+ 35. Kxe1 fxg4 36. Rg3 $16) 34... Bc3 $11 35. Rd1 (35. Re2
$5 $11 $142) 35... Qc2 $17 36. Re1 36... Qg2+ $1 37. Qxg2 hxg2+ 38. Kxg2 Bxe1
39. Rh3 (39. a3 Rg6+ 40. Kf1 40... Bh4 $17) 39... Rxh3 40. Kxh3 Kg6 (40... Bd2
$5 $19 $142) 41. Kg2 $17 41... Kf6 42. Kf3 Ke6 43. e4 Bh4 44. Ke3 Bf6 45. Kd3
Bd8 46. h3 Bf6 47. Ke3 Bd8 (47... a6 48. Kf3 $17) 48. Kd3 Bh4 49. Ke3 Bf6 50.
Kd3 Bd8 51. Ke3 Bb6+ 52. Kf3 Bd8 (52... Kf6 $5 $17) 1/2-1/2

[Event "Bad Woerishofen op"]
[Site "Bad Woerishofen"]
[Date "2001.??.??"]
[Round "8"]
[White "Hornung, Hans"]
[Black "Urban, Rudolf"]
[Result "1/2-1/2"]
[WhiteElo "2213"]
[BlackElo "2100"]
[Annotator "ChessOrg"]
[PlyCount "77"]
[EventDate "1998.03.05"]
[Source "ChessBase"]
[SourceDate "1998.04.29"]

1. Nf3 {B37: Sizilianisch (Maroczy-Aufbau)} 1... g6 2. c4 c5 3. d4 Bg7 4. e4
cxd4 5. Nxd4 Nc6 6. Nc2 Nf6 7. Nc3 d6 8. Be2 Be6 9. O-O Rc8 10. f4 O-O 11. Kh1
{letzter Buchzug} 11... Qd7 12. Qe1 Bg4 13. Bd3 Qc7 (13... Rfe8 14. Qh4 $11)
14. Ne3 Nb4 15. Bb1 (15. Nxg4 $143 15... Nxd3 16. Nxf6+ 16... Bxf6 $17) 15...
Be6 16. b3 Nc6 17. f5 Bd7 18. Ned5 Nxd5 19. Nxd5 (19. exd5 $143 19... Nd4 $11)
(19. cxd5 $2 19... Nb8 20. f6 Bxf6 (20... Qxc3 21. Qxc3 (21. fxg7 $2 21... Qxg7
(21... Qxa1 $6 22. gxf8=Q+ Rxf8 23. Bh6 $11) (21... Kxg7 $4 22. Qxc3+ Rxc3 23.
Bb2 $18) 22. e5 22... Bb5 $19) 21... Rxc3 22. fxg7 $15) (20... exf6 $6 21. Bb2
$17) 21. Rxf6 21... exf6 $19 (21... Qxc3 $6 22. Qxc3 Rxc3 23. Bb2 $17)) 19...
Qd8 20. f6 exf6 21. Qh4 (21. Bb2 21... Ne5 $11) 21... Ne5 (21... f5 22. Bg5 f6
23. Bh6 fxe4 24. Bxg7 Kxg7 25. Qxe4 $17) 22. h3 (22. Nxf6+ Bxf6 23. Qxf6 Qxf6
24. Rxf6 b5 25. Rxd6 25... bxc4 $14) 22... Bc6 (22... b5 $5 $15 $142) 23. Nxf6+
$14 23... Bxf6 24. Qxf6 Qxf6 (24... Re8 25. Bg5 Qxf6 26. Rxf6 $11) 25. Rxf6 $14
25... b5 26. Bb2 (26. cxb5 $5 26... Bxb5 27. Ba3 $14) 26... bxc4 $11 27. Rxd6
Nd3 (27... Rfe8 28. Bd4 $11) 28. Bxd3 cxd3 29. Rxd3 Bxe4 30. Rd4 (30. Rd2 Rfd8
31. Rad1 Rxd2 32. Rxd2 32... f5 $11) 30... f5 31. Ba3 Rfd8 32. Rad1 (32. Rxd8+
$5 32... Rxd8 33. Bb4 $15) 32... Rxd4 $17 33. Rxd4 Rc2 34. Rd8+ Kf7 35. Rd7+
Ke6 36. Rxh7 Rxa2 37. Rxa7 Bxg2+ 38. Kh2 Bd5+ 39. Kg1 1/2-1/2

[Event "Bad Woerishofen op"]
[Site "Bad Woerishofen"]
[Date "2001.??.??"]
[Round "2"]
[White "Horvath, Peter"]
[Black "Seifert, Dierk"]
[Result "1-0"]
[WhiteElo "2396"]
[BlackElo "2168"]
[Annotator "ChessOrg"]
[PlyCount "55"]
[EventDate "1998.03.05"]
[Source "ChessBase"]
[SourceDate "1998.04.29"]

1. d4 {A92: Hollaendische Verteidigung (Stonewall)} 1... e6 2. c4 f5 3. Nf3 Nf6
4. g3 Be7 5. Bg2 O-O 6. O-O Ne4 7. Qc2 Bf6 8. Nbd2 8... Nxd2 {letzter Buchzug}
9. Bxd2 Nc6 10. d5 Nd4 11. Nxd4 Bxd4 12. dxe6 dxe6 13. Bb4 c5 14. Rad1 Qc7 15.
Rxd4 cxd4 16. Bxf8 Kxf8 17. Qd3 e5 (17... Qb6 18. Qa3+ Kf7 19. f4 $14) 18. Bd5
(18. f4 18... Kg8 $16) 18... g6 (18... Qb6 $5 $14 $142) 19. f4 $16 19... Bd7
20. fxe5 Qxe5 21. Bxb7 Rb8 22. Bf3 Kg7 (22... Be6 $5 $18 $142) 23. b3 f4 24.
Qe4 (24. gxf4 $5 24... Qxf4 25. Rd1 Be6 26. Qxd4+ Qxd4+ 27. Rxd4 27... Kf6 $18)
24... Qxe4 25. Bxe4 fxg3 26. hxg3 Be6 (26... Bg4 $5 27. Bd5 27... Rf8 $16) 27.
Rd1 $18 27... Rd8 28. e3 $1 (28. e3 Re8 29. Rxd4 $18 (29. exd4 $6 29... Bg4 30.
Bc6 30... Rc8 $11)) 1-0

[Event "Bad Woerishofen op"]
[Site "Bad Woerishofen"]
[Date "2001.??.??"]
[Round "4"]
[White "Horvath, Peter"]
[Black "Goy, Udo"]
[Result "1-0"]
[WhiteElo "2396"]
[BlackElo "2194"]
[Annotator "ChessOrg"]
[PlyCount "98"]
[EventDate "1998.03.05"]
[Source "ChessBase"]
[SourceDate "1998.04.29"]

1. d4 {E38: Nimzoindisch (4.Dc2)} 1... e6 2. c4 Nf6 3. Nc3 Bb4 4. Qc2 c5 5.
dxc5 Na6 6. a3 Bxc3+ 7. Qxc3 Nxc5 8. f3 a5 9. e4 d6 10. Be3 10... Qc7 {
letzter Buchzug} 11. b4 axb4 12. axb4 Rxa1+ 13. Qxa1 Ncd7 14. Nh3 O-O 15. Be2
d5 16. exd5 exd5 17. c5 Re8 18. Bf4 Qc6 19. Kf2 (19. Qd4 $17) 19... Nxc5 (19...
b6 $5 $17 $142) 20. bxc5 $11 20... Qxc5+ 21. Kf1 Bf5 (21... Bxh3 22. gxh3 Qc8
23. Bb5 $14) 22. g4 (22. Bg5 22... Nd7 $14) 22... Qc2 $11 23. Be5 Bd3 24. Bxd3
Qxd3+ 25. Kf2 Qd2+ 26. Kg3 Ne4+ 27. fxe4 Qe3+ 28. Kh4 Qh6+ 29. Kg3 Qe3+ 30. Kg2
Qxe4+ 31. Kf2 31... Qxg4 $4 (31... Rxe5 32. Re1 Qxe1+ 33. Qxe1 Rxe1 34. Kxe1 f5
35. gxf5 35... Kf7 $16) 32. Rg1 Qf5+ 33. Bf4 f6 34. Rg3 h5 35. Qc3 h4 (35... g5
36. Kg1 36... h4 $16) 36. Re3 (36. Rf3 36... Ra8 $18) 36... Rc8 $2 (36... Rxe3
37. Qxe3 37... g5 $14) 37. Qd3 $18 37... Rc2+ 38. Ke1 Qxd3 39. Rxd3 g5 40. Bd6
Kf7 41. Rxd5 Rc6 42. Rd3 Ke6 43. Bb4 Rc1+ 44. Kf2 Rc2+ 45. Rd2 Rc4 46. Rb2 Kf5
47. Bd2 Kg4 (47... Rc7 48. Ke2 $18) 48. Kg2 Rc7 49. Nf2+ Kf5 1-0

[Event "Bad Woerishofen op"]
[Site "Bad Woerishofen"]
[Date "2001.??.??"]
[Round "6"]
[White "Horvath, Peter"]
[Black "Epishin, Vladimir"]
[Result "1-0"]
[WhiteElo "2395"]
[BlackElo "2575"]
[Annotator "ChessOrg"]
[PlyCount "65"]
[EventDate "1998.03.05"]
[Source "ChessBase"]
[SourceDate "1998.04.29"]

1. d4 {E32: Nimzoindisch (4.Dc2)} 1... Nf6 2. c4 e6 3. Nc3 Bb4 4. Qc2 O-O 5. e4
d6 6. a3 Bxc3+ 7. bxc3 Nbd7 8. Bd3 c5 9. Ne2 Qc7 10. Rb1 {letzter Buchzug}
10... Rb8 11. Ng3 cxd4 (11... e5 12. O-O $11) 12. cxd4 e5 13. O-O Re8 14. f4
exd4 15. Bb2 Qc5 16. Qf2 Ng4 17. Qxd4 Qxd4+ 18. Bxd4 Nc5 19. Bxc5 dxc5 20. h3
Rd8 21. Be2 (21. hxg4 $143 21... Rxd3 22. Rfd1 Rxd1+ 23. Rxd1 23... Bxg4 $17)
21... Nh6 22. Rfd1 Re8 23. Rd5 b6 24. Rxc5 Bb7 25. Rc7 Bxe4 26. Nxe4 Rxe4 27.
Bf3 Rxf4 28. c5 Ra4 29. c6 29... Rf8 $2 (29... Rxa3 30. Rd7 Rc3 31. Rxa7 31...
Kf8 $16) 30. Rc1 $18 30... Nf5 (30... Rxa3 31. Rd7 Re3 32. c7 $18 (32. Rxa7 $6
32... Nf5 $16)) 31. Rd7 Rd4 (31... g6 32. c7 32... Kg7 $18) 32. Rxd4 (32. c7
$142 32... g6 33. c8=Q Rxc8 34. Rxc8+ Kg7 35. Rxa7 $18) 32... Nxd4 $14 33. c7 (
33. c7 g5 34. c8=Q Rxc8 35. Rxc8+ Kg7 36. Bh5 $18) 1-0

[Event "Bad Woerishofen op"]
[Site "Bad Woerishofen"]
[Date "2001.??.??"]
[Round "8"]
[White "Horvath, Peter"]
[Black "Lada, Ireneusz"]
[Result "1-0"]
[WhiteElo "2396"]
[BlackElo "2216"]
[Annotator "ChessOrg"]
[PlyCount "69"]
[EventDate "1998.03.05"]
[Source "ChessBase"]
[SourceDate "1998.04.29"]

1. d4 {A53: Altindisch} 1... d6 2. c4 e5 3. Nc3 c6 4. g3 Nf6 5. Bg2 Be7 6. e4
6... Qc7 {letzter Buchzug} 7. Nf3 O-O 8. O-O Bg4 9. h3 Bd7 10. Be3 Na6 11. c5
dxc5 12. dxe5 Ne8 13. Qe2 Be6 14. Ng5 Bxg5 15. Bxg5 b5 16. Nd5 (16. Rfd1 Bc4
17. Qe3 17... h6 $11) 16... Qb7 (16... cxd5 17. exd5 Bd7 18. d6 $14) 17. Rfd1
Nb4 (17... f6 18. exf6 cxd5 19. exd5 19... Bd7 $18) 18. Ne7+ $14 18... Kh8 19.
Nf5 f6 20. exf6 Nxf6 (20... Bxf5 $5 21. a3 Bxe4 22. Bxe4 Nd5 23. fxg7+ 23...
Nxg7 $16) 21. Nd6 $16 21... Qb6 22. a3 Na6 23. Bxf6 Rxf6 24. e5 Rff8 25. Nxb5 (
25. Rd2 25... c4 $16) 25... Bxh3 (25... cxb5 $2 26. Bxa8 Bxh3 27. Be4 $18) 26.
Bxh3 cxb5 (26... Qxb5 27. Qxb5 cxb5 28. Rd6 $18) 27. Rd6 $18 27... Qa5 28. e6
28... Rae8 $2 (28... Nc7 29. e7 Rfe8 30. Bd7 $18) 29. Rad1 (29. e7 $142 29...
Rg8 30. Bf5 $18) 29... Nc7 $4 (29... Re7 $142 30. Qh5 30... Nb8 $18) 30. e7 Rg8
31. Bd7 (31. Bf5 c4 32. Qe5 32... Qb6 $18) 31... Rb8 (31... Qa4 32. Bxe8 Nxe8
33. Rd8 $18) 32. Qe5 Ne8 (32... Rb6 33. R6d5 $1 33... Nxd5 $18) 33. Rh6 Rb6 34.
Be6 (34. Bxe8 Rxh6 35. Bf7 $18) 34... Qa4 (34... Rxe6 35. Rxe6 35... Qa4 $18)
35. Rxh7+ $3 (35. Rxh7+ Kxh7 36. Qh5#) 1-0

[Event "Bad Woerishofen op"]
[Site "?"]
[Date "2001.??.??"]
[Round "1"]
[White "Huber, Stefan"]
[Black "Mossekel, Manfred"]
[Result "1-0"]
[WhiteElo "2147"]
[BlackElo "1661"]
[Annotator "ChessOrg"]
[PlyCount "103"]
[EventDate "2000.??.??"]

1. d4 {D31: Damengambit (Halbslawisch)} 1... d5 2. c4 e6 3. Nc3 c6 4. Nf3 f5 5.
b3 {letzter Buchzug} 5... Nf6 6. Bb2 Bd6 7. g3 O-O 8. Bg2 Nbd7 9. O-O Qe7 10.
Rc1 Ne4 (10... b6 11. Qd3 $11) 11. Nd2 Nxc3 12. Bxc3 Nf6 13. e3 Ne4 14. f3 Nxc3
15. Rxc3 Bb4 16. Rc2 Bd7 17. Nb1 Rac8 18. f4 Be8 19. c5 Ba5 20. a3 g5 21. b4
Bc7 22. Qd3 g4 23. Nc3 a6 24. Ra1 Ra8 25. Rca2 Bd7 26. Bf1 Kg7 27. Qb1 Rfb8 28.
a4 a5 29. b5 Qe8 (29... b6 30. cxb6 Rxb6 31. Qd3 $11) 30. b6 $16 30... Bd8 31.
Qe1 h5 32. Nb1 Qg6 33. Nd2 h4 34. Nb3 hxg3 35. hxg3 (35. Qxg3 $6 35... Qh5 $14)
35... Bf6 36. Rh2 Rh8 37. Raa2 (37. Nxa5 Rxh2 38. Kxh2 Rh8+ 39. Kg1 39... Qh5
$16) 37... e5 (37... Rag8 $5 $16) 38. dxe5 Be7 39. Qc3 Be6 40. Nd4 Kf7 41. Rxh8
Rxh8 42. Rh2 Rxh2 43. Kxh2 Qh5+ 44. Kg1 44... Bh4 $2 (44... Qh8 $18 $142) 45.
gxh4 Qxh4 46. Qd2 (46. Qxa5 $6 46... Qg3+ 47. Kh1 47... Qf2 $14) 46... Qg3+ 47.
Bg2 Qh4 48. Qf2 g3 49. Qe1 Qg4 (49... Qh2+ 50. Kf1 Qh5 51. Qxg3 Qd1+ 52. Qe1
Qxe1+ 53. Kxe1 $18) 50. Qe2 (50. Nxc6 50... Ke8 $18) 50... Qg6 (50... Qh4 51.
Qd2 $18) 51. Bh3 (51. Nxc6 $5 $142 51... Kg7 $18) 51... Ke7 (51... Bc8 52. Qe1
$18) 52. Kg2 (52. Kg2 Bd7 53. Qe1 $18) (52. Nxc6+ Kf8 53. Nxa5 53... Bc8 $18)
1-0

[Event "Bad Woerishofen op"]
[Site "Bad Woerishofen"]
[Date "2001.??.??"]
[Round "3"]
[White "Huber, Stefan"]
[Black "Walke, Guenter"]
[Result "1-0"]
[WhiteElo "2147"]
[BlackElo "1747"]
[Annotator "ChessOrg"]
[PlyCount "51"]
[EventDate "1998.03.05"]
[Source "ChessBase"]
[SourceDate "1998.04.29"]

1. d4 {D31: Damengambit (Halbslawisch)} 1... d5 2. c4 e6 3. Nc3 c6 4. e4 dxe4
5. Nxe4 Nf6 6. Nxf6+ Qxf6 7. Nf3 Bb4+ 8. Bd2 Bxd2+ 9. Qxd2 O-O 10. Bd3 Nd7 11.
Ng5 {letzter Buchzug} 11... g6 12. O-O-O Rd8 13. h4 (13. Bc2 13... Qe7 $14)
13... h6 (13... Qxd4 $5 $142 14. Nxf7 Rf8 (14... Kxf7 $4 15. Bxg6+ hxg6 16.
Qxd4 $18) 15. Nh6+ 15... Kg7 $15) 14. Ne4 $14 14... Qxd4 (14... Qg7 $5 $14 $142
) 15. Qxh6 $16 15... Qg7 16. Qg5 f6 17. Qe3 Ne5 18. Be2 Rxd1+ 19. Rxd1 Nf7 20.
Qf4 (20. g4 $5 $18 $142) 20... f5 $14 21. Ng5 e5 22. Qd2 Qf6 23. Nxf7 Kxf7 24.
Qd8 b6 25. c5 (25. Qc7+ Qe7 26. Qxc6 26... Bb7 $16) 25... Be6 $4 (25... Qxd8
$142 26. Rxd8 26... Ke7 $14) 26. Qxa8 $18 (26. Qxa8 Qxh4 27. Qxa7+ Kf6 28. g4
$18) 1-0

[Event "Bad Woerishofen op"]
[Site "Bad Woerishofen"]
[Date "2001.??.??"]
[Round "5"]
[White "Huber, Stefan"]
[Black "Deglmann, Ludwig"]
[Result "0-1"]
[WhiteElo "2147"]
[BlackElo "2306"]
[Annotator "ChessOrg"]
[PlyCount "64"]
[EventDate "1998.03.05"]
[Source "ChessBase"]
[SourceDate "1998.04.29"]

1. d4 {A80: Hollaendische Verteidigung} 1... f5 2. Nf3 g6 3. Bg5 {
letzter Buchzug} 3... Bg7 4. Nbd2 h6 5. Bf4 d6 6. e3 Nf6 7. Bd3 O-O 8. Qe2 Nc6
9. O-O-O (9. c3 9... e6 $11) 9... Qe8 10. h3 Kh8 11. Bh2 (11. Bb5 Qf7 12. Kb1
12... Nb4 $11) 11... e5 (11... Nb4 12. Bc4 $15) 12. dxe5 $11 12... Nxe5 13.
Nxe5 dxe5 14. e4 f4 15. Bc4 (15. Nf3 15... Bd7 $14) 15... a6 16. Nf3 b5 17. Bb3
Bb7 18. Nd2 Qc6 (18... a5 19. a3 $15) 19. f3 a5 20. Nb1 a4 21. Bd5 Nxd5 22.
Rxd5 (22. exd5 $5 22... Qc5 23. Qe4 $15) 22... Qe6 23. Rc5 c6 24. a3 Rf7 25.
Rd1 Bf8 26. Rc3 (26. Bg1 $5 26... Bxc5 27. Bxc5 $17) 26... Ba6 $19 27. b4 (27.
Qd2 b4 28. axb4 $17) 27... axb3 28. Rxb3 (28. Qf2 b4 29. axb4 29... Bc4 $19 (
29... Bxb4 $143 30. Rxb3 Rb8 31. g3 $19)) 28... b4 29. Qf2 bxa3 30. Nxa3 Rb7
31. Rxb7 (31. Nb1 Rxb3 32. cxb3 Qxb3 33. Qb2 Qc4+ 34. Qc2 Qxc2+ 35. Kxc2 $17)
31... Bxa3+ (31... Bxb7 $6 32. Nb1 Qc4 33. Qf1 $19) 32. Rb2 (32. Kb1 Bxb7 33.
Qb6 33... Qe7 $19) 32... Qa2 (32... Qa2 33. Qb6 Qa1+ (33... Bxb2+ 34. Qxb2
Qxb2+ 35. Kxb2 $14) (33... Qxb2+ $6 34. Qxb2 Bxb2+ 35. Kxb2 $11) 34. Kd2 Qxb2
35. Qxb2 35... Bxb2 $19) (32... Bxb2+ $142 33. Kxb2 Rb8+ 34. Kc1 $19) 0-1

[Event "Bad Woerishofen op"]
[Site "Bad Woerishofen"]
[Date "2001.??.??"]
[Round "7"]
[White "Huber, Stefan"]
[Black "Erenska, Hanna"]
[Result "0-1"]
[WhiteElo "2147"]
[BlackElo "2256"]
[Annotator "ChessOrg"]
[PlyCount "52"]
[EventDate "1998.03.05"]
[Source "ChessBase"]
[SourceDate "1998.04.29"]

1. e4 {B28: Sizilianisch (Fruehes a7-a6)} 1... c5 2. Nf3 a6 3. c4 d6 4. Nc3 e6
5. Be2 {letzter Buchzug} 5... Nf6 6. O-O b6 7. d4 Be7 8. Be3 Ng4 9. Bf4 cxd4
10. Nxd4 Ne5 11. Be3 Qc7 12. Rc1 O-O (12... Nxc4 $2 13. Bxc4 Qb7 14. f4 $18)
13. f4 Nec6 14. Na4 (14. Nd5 exd5 15. cxd5 Bf6 16. dxc6 16... Re8 $18) 14...
Nd7 $11 15. Nxc6 Qxc6 16. Bf3 Rb8 17. b3 Qc7 18. Qd2 Bb7 19. Rfe1 (19. Nc3
19... Rbd8 $11) 19... Rfe8 (19... Nc5 20. Nxc5 dxc5 21. Qf2 $11) 20. Qf2 Bc6
21. Nc3 Nc5 22. Qd2 Bf6 23. Bf2 Qb7 24. Qe3 (24. Qxd6 $4 24... Rbd8 25. Qxc6
25... Qxc6 $19) 24... h6 (24... Rbd8 $5 $11) 25. b4 $14 25... Bxc3 26. bxc5 $4
(26. Rxc3 $142 26... Na4 27. Rb3 $11) 26... Bxe1 $19 (26... Bxe1 27. Rxe1 27...
dxc5 $19) 0-1

[Event "Bad Woerishofen op"]
[Site "Bad Woerishofen"]
[Date "2001.??.??"]
[Round "9"]
[White "Huber, Stefan"]
[Black "Joergens, Markus"]
[Result "0-1"]
[WhiteElo "2147"]
[BlackElo "2276"]
[Annotator "ChessOrg"]
[PlyCount "72"]
[EventDate "1998.03.05"]
[Source "ChessBase"]
[SourceDate "1998.04.29"]

1. e4 {C19: Franzoesische Verteidigung (Nimzowitsch-Variante)} 1... e6 2. d4 d5
3. Nc3 Bb4 4. e5 c5 5. a3 Bxc3+ 6. bxc3 Ne7 7. Nf3 Qa5 8. Bd2 Nbc6 9. Be2 cxd4
10. cxd4 Qa4 11. c3 {letzter Buchzug} 11... Qxd1+ 12. Rxd1 Na5 13. Rb1 b6 14.
O-O Bd7 15. Ne1 Ba4 16. g4 Bb3 17. Bb5+ Kd8 18. f4 (18. Be2 $5 $15) 18... Bc4
$17 19. Rf3 Bxb5 20. Rxb5 Nc4 21. Bc1 h5 22. h3 hxg4 23. hxg4 g6 24. Kg2 Kd7
25. Rh3 Rxh3 26. Kxh3 Rh8+ 27. Kg2 g5 28. fxg5 Rh4 29. Kg3 Rh1 30. Kf2 Ng6 31.
Rb3 Rh2+ 32. Kf3 Nh4+ 33. Kg3 Re2 34. Nd3 Ng6 35. Kf3 Rc2 36. Kg3 $4 (36. a4
$15 $142) 36... Na5 $19 (36... Na5 37. Rb2 37... Rxc3 $19) 0-1

[Event "Bad Woerishofen op"]
[Site "?"]
[Date "2001.??.??"]
[Round "1"]
[White "Huhn, Ulrich"]
[Black "Naiditsch, Arkadij"]
[Result "0-1"]
[WhiteElo "2048"]
[BlackElo "2484"]
[Annotator "ChessOrg"]
[PlyCount "90"]
[EventDate "2000.??.??"]

1. d4 {D01: Damenbauernspiele (Richter-Weressow)} 1... Nf6 2. Nc3 d5 3. Bg5 g6
4. Bxf6 exf6 5. e4 {letzter Buchzug} 5... dxe4 6. Nxe4 Bg7 7. Nf3 O-O 8. Be2 f5
9. Nc5 b6 10. Nb3 Bb7 11. O-O Nd7 12. Re1 Re8 13. c3 Qf6 14. Qd2 Qd6 15. Ng5 h6
16. Bf3 c6 17. Nh3 g5 18. Be2 Nf6 19. f3 a5 20. Rad1 Nd5 21. Bd3 f4 22. Rxe8+
Rxe8 23. Re1 Rxe1+ 24. Qxe1 Ne3 25. Nf2 a4 (25... Qe6 26. Ng4 $15) 26. Nd2 c5
27. dxc5 Qxc5 28. a3 f5 29. h3 Bf8 30. Qe2 Bc6 31. Bc4+ Kg7 32. Bd3 b5 33. Kh2
Qe5 34. Kh1 h5 35. Kg1 Bd6 36. Kh1 Bc7 37. Kg1 Bb6 38. Kh1 g4 39. hxg4 (39. Bb1
Nc4 40. Qxe5+ 40... Nxe5 $19) 39... hxg4 40. Bb1 $2 $19 (40. Kg1 $17 $142)
40... Qf6 41. Kg1 Qh4 42. Bd3 (42. c4 Qg3 43. Nfe4 Nxc4+ 44. Kf1 Bxe4 45. Nxc4
gxf3 46. Bxe4 fxe2+ 47. Kxe2 bxc4 48. Kd2 fxe4 49. Kd1 Be3 50. Kc2 Qe1 51. b4
Qc1#) 42... Qg3 43. Nh1 43... Nxg2+ $1 44. Kf1 Ne3+ 45. Qxe3 $5 45... Qh3+ (
45... Qh3+ 46. Ke1 Qxh1+ 47. Nf1 47... fxe3 $19) (45... fxe3 $6 46. Nxg3 exd2
47. Nxf5+ Kf6 48. Ke2 gxf3+ 49. Kxd2 $17) 0-1